LEADER 01297nam--2200445---450- 001 990000443700203316 005 20160511121757.0 010 $a88-06-33076-7 035 $a0044370 035 $aUSA010044370 035 $a(ALEPH)000044370USA01 035 $a0044370 100 $a20010514d1991----km-y0itay0103----ba 101 $aita 102 $aIT 105 $a||||||||001yy 200 1 $a<> arabi$fJacques Berque$g[traduzione di Vera Pegna] 210 $aTorino$cG. Einaudi$d1991 215 $a130 p.$d18 cm 225 2 $aPiccola biblioteca Einaudi$v0352 312 $aLes Arabes 410 $12001$aPiccola biblioteca Einaudi$v0352 454 $12001$aLes Arabes$932263 461 1$1001-------$12001 606 0 $aArabi$xStoria 676 $a909.04927 700 1$aBERQUE,$bJacques$0130278 702 1$aPEGNA,$bVera 801 0$aIT$bsalbc$gISBD 912 $a990000443700203316 951 $aIII.2. 33 (Varie Coll. 11/352)$b119663 LM$cVarie Coll. 959 $aBK 969 $aUMA 979 $aPATTY$b90$c20010514$lUSA01$h1137 979 $c20020403$lUSA01$h1652 979 $aPATRY$b90$c20040406$lUSA01$h1631 979 $aCOPAT4$b90$c20041217$lUSA01$h1605 979 $aMARANO$b90$c20160511$lUSA01$h1217 996 $aLes Arabes$932263 997 $aUNISA LEADER 00971nam0-2200265 --450 001 9910909900703321 005 20241219102658.0 010 $a9783896656919 100 $a20241202d2016----kmuy0itay5050 ba 101 0 $aita 102 $aDE 105 $a 001yy 200 1 $aParmenide trádito, Parmenide tradíto nel Commentario di Simplicio alla Fisica di Aristotele$esaggio introduttivo, raccolta dei testi in greco, traduzione e commentario$f[a cura di] Ivan Adriano Licciardi 210 $aSankt Augustin$cAcademia Verlag$d2016 215 $a571 p.$d21 cm 225 1 $aSymbolon$v42 700 0$aSimplicius : Atheniensis$0480628 702 1$aLicciardi,$bIvan Adriano 801 0$aIT$bUNINA$gREICAT$2UNIMARC 901 $aBK 912 $a9910909900703321 952 $a182.3 PARM/S 008$b2024/11255$fFLFBC 959 $aFLFBC 996 $aParmenide trádito, Parmenide tradíto nel Commentario di Simplicio alla Fisica di Aristotele$94295469 997 $aUNINA